00653nam a2200193Ia 450000500170000000800410001702000270005804000190008504100120010408200160011624500970013226000410022930000150027065000270028585000100031294200070032299900160032995201140034520221116115430.0131103s9999 xx 000 0 und d aSBN :195616537cRs.135 aLoreto College aEnglish a954.03bGUH aSubaltern Studies IIIb writings on South Asian history and society cedited by Ranajit Guha aDelhibOxford University Pressc1984 ax,327 p.  aIndia - Modern History aLCLIB cBK c9768d60247 00102ddc4070aMAINbMAINd2013-11-04l2o954.03 GUH 29403pB9645r2017-11-29s2017-11-29w2013-11-04yBKf